000 00893nam a2200253Ia 4500
003 OSt
005 20221005112629.0
006 a|||||r|||| 00| 0
007 ta
008 221004b |||||||| |||| 00| 0 pan d
020 _a9788190533812 (hbk)
_c100
024 _a7724
037 _b693, 12/06/2013, H.K. Prakashan
_cTextual
040 _aCRL
_cCRL
_bpan
041 _2pan
_apan
082 _aQ8441wI73:g, 153P7
100 _aਸਿੰਗਲ, ਧਰਮ ਪਾਲ
245 0 _aਸੰਤ ਪੰਨਾ ਜੀ ਮਹਾਰਾਜ
_b ਜੀਵਨ ਅਤੇ ਬਾਣੀ
260 _aਜਲੰਧਰ
_bਆਧੁਨਿਕ ਕਿਤਾਬ ਘਰ ਭਾਰਤ
_c2007
300 _a72ਪੰ
_ccm.
650 _aਧਰਮ
942 _hQ8441wI73:g, 153P7
_cTEXL
_2cc
999 _c1025455
_d1025455